Paula Meré (Record no. 114478)

MARC details
000 -LEADER
campo de control de longitud fija 00696nam a2200205 i 4500
001 - NÚMERO DE CONTROL
campo de control 114478
003 - IDENTIFICADOR DE NÚMERO DE CONTROL
campo de control ES-MaACL
005 - FECHA Y HORA DE LA ÚLTIMA TRANSACCIÓN
campo de control 20251015063114.0
007 - CAMPO FIJO DE DESCRIPCIÓN FÍSICA--INFORMACIÓN GENERAL
campo de control de longitud fija t|
008 - DATOS DE LONGITUD FIJA--INFORMACIÓN GENERAL
campo de control de longitud fija 070302q18901900sp ||||1| spa d
100 1# - ENTRADA PRINCIPAL--NOMBRE DE PERSONA
Nombre de persona Cherbuliez, Victor,
Fechas asociadas al nombre 1829-1899
9 (RLIN) 38355
245 10 - MENCIÓN DEL TÍTULO
Título Paula Meré
Resto del título : novela /
Mención de responsabilidad, etc. por Victor Cherbuliez.
260 ## - PUBLICACIÓN, DISTRIBUCIÓN, ETC.
Lugar de publicación, distribución, etc. Madrid :
Nombre del editor, distribuidor, etc. La España Moderna,
Fecha de publicación, distribución, etc. [189-?]
300 ## - DESCRIPCIÓN FÍSICA
Extensión 316 p. ;
Dimensiones 17 cm.
490 1# - MENCIÓN DE SERIE
Mención de serie Colección de libros escogidos ;
Designación de volumen o secuencia 91
500 ## - NOTA GENERAL
Nota general La Colección de libros escogidos de La España Moderna se publica entre 1890 y 1900.
830 0# - PUNTO DE ACCESO ADICIONAL DE SERIE-TÍTULO UNIFORME
Título uniforme Colección de libros escogidos ;
Designación de volumen o secuencia 91
9 (RLIN) 181858
852 ## - LOCALIZACIÓN
Ubicación ES-MaACL
Número de control de estantería A-4698
Holdings
Estatus retirado Estado de pérdida Estado de daño No para préstamo Colección Biblioteca de origen Biblioteca actual Ubicación en estantería Fecha de adquisición Fuente de adquisición Total de préstamos Signatura topográfica completa Código de barras Visto por última vez Precio de reemplazo Tipo de ítem Koha
        Libros del s. XIX Biblioteca del Ateneo de Madrid Biblioteca del Ateneo de Madrid Sala Pecera Planta 1 17/01/2008     A-4698 1119387 23/02/2023 23/02/2023 Libro impreso antiguo